00452 2200181 4500001002100000005001500021008004100036020002200077035001900099041000700118082001000125090001600135100001900151245002500170260002800195300002700223650002000250INLIS00000000002500520241224131834241224||||||||| | ||| |||| || |  a978-602-366-855-7 0010-1224025005 aid0 a741.5 a741.5 WRI u0 aWrini Harlindi00aUntuk Kebaikan Semua aSolobTiga Anandac2019 a32 hlm. ; ill. : 24 cm 0aFiksi Indonesia